| 000 | 01172nam0a22002411 4500 | ||
|---|---|---|---|
| 001 | rc\839891 | ||
| 005 | 20041129092216.0 | ||
| 035 | _a(NLR Aleph) 006021437 | ||
| 090 |
_a7432167 _c7432167 |
||
| 100 | _a20041129d1984 u |0rusy50 ca | ||
| 101 | 0 | _arus | |
| 102 | _aRU | ||
| 105 | _ay ||||||||| | ||
| 200 | 1 |
_aМетодика определения экономической эффективности научных достижений в садоводстве _e(Метод. рекомендации) _fВАСХНИЛ, Отд-ние по Нечернозем. зоне РСФСР, н.-и. зон. ин-т садоводства Нечернозем. полосы _g[Подгот. А.С. Косякин и др.] |
|
| 210 |
_aМ. _cНИЗИСНП _d1984 |
||
| 215 |
_a48 с. _d20 |
||
| 702 | 1 |
_aКосякин _bА. С. _gАлександр Сидорович _4570 |
|
| 712 | 0 | 2 |
_aНаучно-исследовательский зональный ин-т садоводства Нечерноземной полосы _cМосква _3RU\NLR\AUTH\8810971 |
| 801 | 0 |
_aRU _bNLR _gpsbo |
|
| 801 | 1 |
_aRU _bELAR _2rusmarc |
|
| 852 |
_aNLR _j84-4/25405 |
||
| 942 | _cBOOK | ||
| 980 | _aNB | ||